| 000 | 00755nam a2200241 a 4500 | ||
|---|---|---|---|
| 001 | 5357 | ||
| 003 | CDMR | ||
| 005 | 20151026133602.0 | ||
| 008 | 130130s1993||||||||||||||||||||||||||||d | ||
| 020 | _a8481120057 | ||
| 040 |
_aCDMR _bcat _cCPC GIRONA |
||
| 245 | 0 | 0 |
_aNews Media and European Unity _b: preliminary studies |
| 260 |
_bFundesco _aMadrid |
||
| 260 |
_c1993 _bAssociation of European Journalists |
||
| 300 |
_a63 p. _c30 cm |
||
| 490 | 0 | _a1993 Fundesco's annual reports | |
| 500 | _aA la coberta: Findings of the EC Press Research Project | ||
| 650 | 0 | 4 |
_91607 _aMitjans de comunicació de massa _zEuropa |
| 650 | 0 | 4 |
_94256 _aUnió Europea |
| 710 | 2 |
_9385 _aFUNDESCO |
|
| 710 | 2 |
_93043 _aAssociation of European Journalists |
|
| 942 |
_cMON _2udc |
||
| 999 |
_c5357 _d5357 |
||